|
|
|
|
| LEADER |
01906nam a2200373 a 4500 |
| 001 |
0017973 |
| 003 |
BD-DhAAL |
| 008 |
091008s1994 enkab b 001 0 eng d |
| 010 |
|
|
|a 93015646
|
| 020 |
|
|
|a 0521441277 (hc)
|
| 040 |
|
|
|a DNLM/DLC
|c DLC
|d DLC
|d BD-DhAAL
|
| 082 |
0 |
0 |
|a 362.10954
|2 20
|
| 100 |
1 |
|
|a Harrison, Mark,
|d 1964-
|9 41708
|
| 245 |
1 |
0 |
|a Public health in British India :
|b Anglo-Indian preventive medicine, 1859-1914 /
|c Mark Harrison.
|
| 260 |
|
|
|a Cambridge ;
|a New York :
|b Cambridge University Press,
|c 1994.
|
| 300 |
|
|
|a xvii, 324 p. :
|b ill., maps ;
|c 23 cm
|
| 490 |
0 |
|
|a Cambridge history of medicine.
|
| 504 |
|
|
|a Includes bibliographical references (p. 249-316) and index.
|
| 526 |
|
|
|a JPGSPH
|x Mrityunjoy Das
Academic and Administrative Officer
James P Grant School of Public Health
BRAC University
|
| 541 |
1 |
|
|e 00017973
|a D. S. Books International
|
| 650 |
|
0 |
|a Medicine, Preventive
|x Government policy
|z India.
|9 58502
|
| 650 |
|
0 |
|a Public health
|z India
|x History
|y 19th century.
|9 58503
|
| 650 |
|
0 |
|a Public health
|z India
|x History
|y 20th century.
|9 58504
|
| 650 |
|
0 |
|a Medical policy
|z India
|x History
|y 19th century.
|9 58505
|
| 650 |
|
0 |
|a Medical policy
|z India
|x History
|y 20th century.
|9 58506
|
| 650 |
|
2 |
|a Public Health
|x history
|z India.
|9 58507
|
| 650 |
|
2 |
|a Preventive Health Services
|x history
|z India.
|9 58508
|
| 650 |
|
2 |
|a Health Policy
|x history
|z India.
|9 58509
|
| 651 |
|
0 |
|a India
|x History
|y British occupation, 1765-1947.
|
| 830 |
|
|
|a Cambridge history of medicine
|9 58510
|
| 852 |
4 |
|
|a Ayesha Abed Library
|c General Stacks
|
| 942 |
|
|
|2 ddc
|c BK
|
| 999 |
|
|
|c 4362
|d 4362
|
| 952 |
|
|
|0 0
|1 0
|2 ddc
|4 0
|6 362_109540000000000_HAR
|7 0
|9 4055
|a BRACUL
|b BRACUL
|c GEN
|d 2009-10-10
|e D. S. Books International
|g 5676.00
|l 0
|o 362.10954 HAR
|p 3010017973
|r 2009-10-10
|t 1
|w 2009-10-10
|y BK
|x Requisitioned by Mrityunjoy Das, Academic and Administrative Officer, James P Grant School of Public Health, BRAC University
|